आधी दुनिया पूरी धूपः (Record no. 34998)

MARC details
000 -LEADER
fixed length control field 00912nam a22002417a 4500
005 - DATE AND TIME OF LATEST TRANSACTION
control field 20180622164855.0
008 - FIXED-LENGTH DATA ELEMENTS--GENERAL INFORMATION
fixed length control field 100217t xxu||||| |||| 00| 0 hin d
010 ## - LCCN (DPL NO)
LC control number HIN-89204
020 ## - INTERNATIONAL STANDARD BOOK NUMBER
International Standard Book Number 8186100318
Terms of availability 200.00
035 ## - SYSTEM CONTROL NUMBER
System control number HN-61550
037 ## - SOURCE OF ACQUISITION
Source of stock number/acquisition DBAD / PUB
040 ## - CATALOGING SOURCE
Original cataloging agency DPL
Language of cataloging HN
082 ## - DEWEY DECIMAL CLASSIFICATION NUMBER
Classification number 822
100 ## - MAIN ENTRY--PERSONAL NAME
Personal name शरद सिंह
9 (RLIN) 17417
245 ## - TITLE STATEMENT
Title आधी दुनिया पूरी धूपः
Statement of responsibility, etc शरद सिंह
Remainder of title (साभारः आकाशवाणी) /
246 ## - VARYING FORM OF TITLE
Title proper/short title Aadhi duniya puri dhup:
Remainder of title by Sharad Singh
Medium (Sabhar : Aakashvani)/
260 ## - PUBLICATION, DISTRIBUTION, ETC. (IMPRINT)
Place of publication, distribution, etc इलाहाबाद
Name of publisher, distributor, etc आचार्य प्रकाशन
Date of publication, distribution, etc 2009
270 ## - ADDRESS
Address 190बी/10, राजरूपपुर
City इलाहाबाद
300 ## - PHYSICAL DESCRIPTION
Extent 180पृ
Dimensions 22सेमी (सजिल्द)
650 ## - SUBJECT ADDED ENTRY--TOPICAL TERM
Topical term or geographic name as entry element हिन्दी नाटक
650 ## - SUBJECT ADDED ENTRY--TOPICAL TERM
Topical term or geographic name as entry element Hindi drama
942 ## - ADDED ENTRY ELEMENTS (KOHA)
Source of classification or shelving scheme Dewey Decimal Classification
Item type Hindi Books
Call number suffix शरद
Holdings
Withdrawn status Lost status Source of classification or shelving scheme Damaged status Not for loan Collection code Home library Current library Date acquired Source of acquisition Cost, normal purchase price Total Checkouts Full call number Barcode Date last seen Copy number Cost, replacement price Koha item type
    Dewey Decimal Classification   Not For Loan Non-fiction D.B.Act.Division D.B.Act.Division 01/04/2010 DBAD / PUB 200.00   शरद HN-61550 01/04/2010 1 200.00 Hindi Books
    Dewey Decimal Classification     Fiction Sarojini Nagar Sarojini Nagar 18/10/2021       शरद B-176780 18/10/2021   200.00 Hindi Books

© Delhi Public Library
Hit Counter
free hit counter